Architecture and feminisms : (Record no. 31163)

MARC details
000 -LEADER
fixed length control field 01169nam a2200313 i 4500
001 - CONTROL NUMBER
control field ocn986788724
003 - CONTROL NUMBER IDENTIFIER
control field EG-ScBUE
005 - DATE AND TIME OF LATEST TRANSACTION
control field 20260405121933.0
008 - FIXED-LENGTH DATA ELEMENTS--GENERAL INFORMATION
fixed length control field 170505s2018 enka f b 001 0 eng d
020 ## - INTERNATIONAL STANDARD BOOK NUMBER
International Standard Book Number 9781138304888
035 ## - SYSTEM CONTROL NUMBER
System control number (OCoLC)986788724
040 ## - CATALOGING SOURCE
Original cataloging agency DLC
Language of cataloging eng
Description conventions rda
Transcribing agency DLC
Modifying agency OCLCO
-- OCLCF
-- YDX
-- OCLCQ
-- YDX
-- OCLCO
-- LTSCA
-- EG-ScBUE
082 00 - DEWEY DECIMAL CLASSIFICATION NUMBER
Classification number 720.82
Edition number 22
Item number ARC
245 00 - TITLE STATEMENT
Title Architecture and feminisms :
Remainder of title ecologies, economies, technologies /
Statement of responsibility, etc edited by Hélène Frichot, Catharina Gabrielsson and Helen Runting.
264 #1 - PUBLICATION, DISTRIBUTION, ETC. (IMPRINT)
Place of publication, distribution, etc Abingdon, Oxon ;
-- New York, NY :
Name of publisher, distributor, etc Routledge,
Date of publication, distribution, etc 2018.
300 ## - PHYSICAL DESCRIPTION
Extent xix, 309 pages ;
Dimensions 25 cm.
336 ## - CONTENT TYPE
Content type term text
Content type code txt
Source rdacontent
337 ## - MEDIA TYPE
Media type term unmediated
Media type code n
Source rdamedia
338 ## - CARRIER TYPE
Carrier type term volume
Carrier type code nc
Source rdacarrier
490 0# - SERIES STATEMENT
Series statement AHRA Critiques : critical studies in architectural humanities ;
Volume number/sequential designation volume 13
504 ## - BIBLIOGRAPHY, ETC. NOTE
Bibliography, etc Includes bibliographical references and index.
650 #7 - SUBJECT ADDED ENTRY--TOPICAL TERM
Topical term or geographic name as entry element Feminism and architecture.
Source of heading or term BUEsh
653 ## - INDEX TERM--UNCONTROLLED
Arrived date list April2026
Resource For college Arts and Design
655 ## - INDEX TERM--GENRE/FORM
Form subdivision Reading book
700 1# - ADDED ENTRY--PERSONAL NAME
Personal name Frichot, Hélène,
Relator term editor.
700 1# - ADDED ENTRY--PERSONAL NAME
Personal name Gabrielsson, Catharina,
Relator term editor.
700 1# - ADDED ENTRY--PERSONAL NAME
Personal name Runting, Helen,
Relator term editor.
942 ## - ADDED ENTRY ELEMENTS (KOHA)
Source of classification or shelving scheme Dewey Decimal Classification
Koha item type Book - Borrowing
Holdings
Withdrawn status Lost status Source of classification or shelving scheme Damaged status Not for loan Collection code Home library Current library Shelving location Date acquired Source of acquisition Cost, normal purchase price Serial Enumeration / chronology Total Checkouts Full call number Barcode Date last seen Cost, replacement price Price effective from Koha item type
    Dewey Decimal Classification     Baccah Central Library Central Library Second Floor 05/04/2026 Purchase 3459.00 40179   720.82 ARC 000057573 05/04/2026 4325.00 05/04/2026 Book - Borrowing